000 00510pab a2200169 454500
008 180718b1995 xxu||||| |||| 00| 0 eng d
100 _aPouchepadass, Jacques
245 _aColonialism and environment in India
_bcomparative perspective.
260 _c1995
300 _ap.2059-067
362 _a19 Aug
650 _aEnvironmental policy - India
650 _aConservation of natural resources - India
650 _aNature conservation - India
773 _aEconomic and Political Weekly
909 _a29446
999 _c29446
_d29446